[Event "Budapest-chT1 Lilienthal 1516"]
[Site "Budapest"]
[Date "2015.09.27"]
[Round "2"]
[White "Stern, Tibor"]
[Black "Fendrik, Lajos"]
[Result "1/2-1/2"]
[WhiteElo "2102"]
[BlackElo "2162"]
[PlyCount "156"]
[EventDate "2015.09.20"]
[EventType "team-tourn"]
[EventRounds "9"]
[EventCountry "HUN"]
[SourceTitle "EXT 2021"]
[Source "ChessBase"]
[SourceDate "2020.10.23"]
[SourceVersion "1"]
[SourceVersionDate "2020.10.23"]
[SourceQuality "1"]
[WhiteTeam "SENSE"]
[BlackTeam "Budapest Ujpest KSE"]
[WhiteTeamCountry "HUN"]
[BlackTeamCountry "HUN"]

1. b3 e5 2. Bb2 Nc6 3. e3 Nf6 4. Bb5 Bd6 5. Ne2 0-0 6. 0-0 a6 7. Bxc6 dxc6 8. f4 Qe7 9. a4 Bg4 10. fxe5 Bxe5 11. Bxe5 Qxe5 12. Nbc3 Rad8 13. h3 Bh5 14. Qe1 Bg6 15. Rc1 Nd5 16. Nxd5 cxd5 17. Nf4 Rde8 18. Nxg6 hxg6 19. c3 Re6 20. Qh4 c5 21. Qf4 g5 22. Qg4 f6 23. Rf5 Qd6 24. c4 Re5 25. cxd5 Qxd5 26. Rxe5 fxe5 27. Qc4 Rd8 28. Qxc5 Qxd2 29. Rf1 Qd5 30. Qe7 e4 31. Rf7 Qd1+ 32. Kh2 Qd6+ 33. Qxd6 Rxd6 34. Rxb7 Rd3 35. Kg3 Rxe3+ 36. Kg4 Rc3 37. b4 Rc4 38. a5 e3+ 39. Kf3 Re4 40. Ke2 Kh7 41. Rb6 g6 42. Rxa6 Rxb4 43. Kxe3 g4 44. h4 g3 45. Kf3 Rxh4 46. Kxg3 Ra4 47. Ra8 Kh6 48. a6 Kg5 49. Kf3 Ra3+ 50. Ke4 Kg4 51. Kd5 Kg3 52. Kc5 Kxg2 53. Kb6 Rb3+ 54. Ka7 Kf3 55. Rg8 Ke4 56. Rxg6 Kd5 57. Rb6 Rh3 58. Rb1 Kc6 59. Rb6+ Kc7 60. Rb1 Rc3 61. Rh1 Rb3 62. Rc1+ Kd8 63. Rc6 Kd7 64. Rb6 Rc3 65. Ka8 Kc7 66. Rb7+ Kc8 67. Rb5 Ra3 68. Ka7 Kc7 69. Rh5 Kc8 70. Rh7 Rb3 71. Rh8+ Kc7 72. Rh1 Rc3 73. Rb1 Kc8 74. Rb7 Ra3 75. Rb1 Rc3 76. Ra1 Kc7 77. Ka8 Kb6 78. Kb8 Rh3 1/2-1/2

[Event "HUN-chT2 Erkel 1213"]
[Site "Hungary"]
[Date "2013.02.17"]
[Round "7.6"]
[White "Stern, Tibor"]
[Black "Gara, Gyorgy"]
[Result "1-0"]
[WhiteElo "1943"]
[BlackElo "2133"]
[PlyCount "101"]
[EventDate "2012.09.16"]
[EventType "team-tourn"]
[EventRounds "11"]
[EventCountry "HUN"]
[SourceTitle "EXT 2014"]
[Source "ChessBase"]
[SourceDate "2013.11.20"]
[SourceVersion "1"]
[SourceVersionDate "2013.11.20"]
[SourceQuality "1"]
[WhiteTeam "Nagykata"]
[BlackTeam "Matra"]
[WhiteTeamCountry "HUN"]
[BlackTeamCountry "HUN"]

1. e4 e6 2. Qe2 Be7 3. b3 c5 4. Bb2 Bf6 5. e5 Be7 6. Na3 f6 7. Nc4 d5 8. exd6 Bxd6 9. Qh5+ Kf8 10. 0-0-0 e5 11. f4 g6 12. Qf3 exf4 13. d4 Qc7 14. Nxd6 Qxd6 15. dxc5 Qc7 16. g3 Bd7 17. Bg2 Bc6 18. Qf2 Nd7 19. gxf4 Ne7 20. Bxc6 Nxc6 21. Rd6 Kg7 22. Nf3 Rhf8 23. Ng5 Kg8 24. Ne6 Qc8 25. Nxf8 Nxf8 26. Qh4 Qf5 27. Qxf6 Qxf6 28. Bxf6 Re8 29. Kd2 Re4 30. Rf1 h6 31. Kd3 Re8 32. a3 a5 33. c3 Kf7 34. b4 Ne6 35. Bd4 axb4 36. axb4 Nexd4 37. cxd4 Nxb4+ 38. Kc4 Nc2 39. Kd3 Nb4+ 40. Kc3 Nc6 41. Rd7+ Kf6 42. Rxb7 Ne7 43. Rxe7 Rxe7 44. d5 Re3+ 45. Kc4 Re2 46. h4 Rh2 47. Kb5 Rxh4 48. Kc6 Rh2 49. Kd7 Ra2 50. c6 Ra4 51. d6 1-0

[Event "HUN-chT2 Erkel 1213"]
[Site "Hungary"]
[Date "2013.01.27"]
[Round "6.6"]
[White "Markos, Adam"]
[Black "Stern, Tibor"]
[Result "1/2-1/2"]
[WhiteElo "2070"]
[BlackElo "1943"]
[PlyCount "132"]
[EventDate "2012.09.16"]
[EventType "team-tourn"]
[EventRounds "11"]
[EventCountry "HUN"]
[SourceTitle "EXT 2014"]
[Source "ChessBase"]
[SourceDate "2013.11.20"]
[SourceVersion "1"]
[SourceVersionDate "2013.11.20"]
[SourceQuality "1"]
[WhiteTeam "Dunaharaszti"]
[BlackTeam "Nagykata"]
[WhiteTeamCountry "HUN"]
[BlackTeamCountry "HUN"]

1. e4 Nf6 2. e5 Nd5 3. d4 d6 4. c4 Nb6 5. exd6 exd6 6. Nc3 Be7 7. Be3 0-0 8. Bd3 Nc6 9. Nge2 Nb4 10. Bb1 Nxc4 11. Qb3 Nxe3 12. fxe3 Nc6 13. 0-0 Bg5 14. Ne4 Bh6 15. Qd3 f5 16. N4g3 g6 17. Bc2 Be6 18. a3 Qe7 19. Rae1 d5 20. Qc3 Nd8 21. Rf3 c6 22. Nf4 Bf7 23. Nd3 Ne6 24. Ne5 Ng5 25. Rf2 Be6 26. Ref1 Ne4 27. Bxe4 fxe4 28. Ne2 Rxf2 29. Rxf2 Rf8 30. Rxf8+ Qxf8 31. g3 g5 32. Kg2 Bg7 33. Ng1 Bxe5 34. dxe5 Bg4 35. Qa5 Bf3+ 36. Kf2 Bh1+ 37. Ke1 d4 38. e6 Qf6 39. exd4 e3 40. Ke2 Bd5 41. Kxe3 Qxe6+ 42. Kd2 g4 43. Qd8+ Kg7 44. Qg5+ Kf7 45. Ne2 Bf3 46. Qf4+ Kg6 47. Qxf3 gxf3 48. Nf4+ Kf5 49. Nxe6 Kxe6 50. Ke3 Kd5 51. Kxf3 Kxd4 52. g4 Ke5 53. h4 c5 54. a4 b6 55. Ke3 a6 56. b3 b5 57. axb5 axb5 58. Kf3 Kd4 59. h5 c4 60. bxc4 bxc4 61. g5 Ke5 62. g6 hxg6 63. hxg6 Kf6 64. Ke4 c3 65. Kd3 c2 66. Kxc2 Kxg6 1/2-1/2

[Event "HUN-chT2 Erkel 1213"]
[Site "Hungary"]
[Date "2012.11.18"]
[Round "4.7"]
[White "Stern, Tibor"]
[Black "Barta, Zoltan"]
[Result "1-0"]
[WhiteElo "1943"]
[BlackElo "1905"]
[PlyCount "63"]
[EventDate "2012.09.16"]
[EventType "team-tourn"]
[EventRounds "11"]
[EventCountry "HUN"]
[SourceTitle "EXT 2014"]
[Source "ChessBase"]
[SourceDate "2013.11.20"]
[SourceVersion "1"]
[SourceVersionDate "2013.11.20"]
[SourceQuality "1"]
[WhiteTeam "Nagykata"]
[BlackTeam "Andornaktalya"]
[WhiteTeamCountry "HUN"]
[BlackTeamCountry "HUN"]

1. e4 e5 2. Nf3 Nf6 3. Nxe5 d6 4. Nf3 Nxe4 5. Nc3 Nf6 6. h3 Be7 7. d4 d5 8. Bd3 Nc6 9. a3 a6 10. Be3 h6 11. Qd2 Be6 12. g4 Qd7 13. Ne5 Nxe5 14. dxe5 Nh7 15. f4 f5 16. gxf5 Bxf5 17. 0-0-0 c6 18. Rdg1 g6 19. Bb6 Kf7 20. Re1 Nf8 21. Qe2 Re8 22. Nd1 Rg8 23. Ne3 Bxd3 24. Qxd3 Bh4 25. f5 Rxe5 26. fxg6+ Nxg6 27. Ref1+ Ke8 28. Bc5 Bg5 29. Qxg6+ Kd8 30. Qxg8+ Re8 31. Bb6+ Kc8 32. Rf8 1-0